000 02960cam a22004694a 4500
001 002861326
003 OSt
005 20150408114014.0
008 070409s2008 nyua b 001 0 eng
010 _a 2007015102
016 7 _a101304133
_2DNLM
020 _a9781588906120 (alk. paper)
020 _a1588906124 (alk. paper)
020 _a9783131253620
020 _a3131253622
035 _a(OCoLC)123053450
035 _a(NhCcYBP)99932706628
040 _aDNLM/DLC
_cDLC
_dNLM
_dBTCTA
_dBAKER
_dC#P
_dYDXCP
_dUtOrBLW
042 _apcc
050 0 0 _aRG107.5.U4
_bU485 2008
060 0 0 _a2008 C-187
060 1 0 _aWP 141
_bU462 2008
082 0 0 _a618.047
_222
245 0 0 _aUltrasonography in obstetrics and gynecology :
_ba practical approach to clinical problems /
_c[edited by] Carol B. Benson, Edward I. Bluth.
250 _a2nd ed.
260 _aNew York :
_bThieme,
_cc2008.
300 _axi, 260 p. :
_bill. (some col.) ;
_c28 cm.
504 _aIncludes bibliographical references and index.
505 0 _aAsymptomatic palpable adnexal masses / Jill E. Langer and Peter H. Arger -- Acute pelvic pain / John S. Pellerito -- Abnormal premenopausal vaginal bleeding / Edward A. Lyons -- Infertility / Mary C. Frates -- Amenorrhea in the adolescent or young adult / Anna E. Nidecker, Harris L. Cohen, and Harry L. Zinn -- Postmenopausal vaginal bleeding / Peter M. Doubilet -- Family history of ovarian carcinoma / Andrew M. Fried and Carol B. Benson -- Tamoxifen / Beverly G. Coleman -- First-trimester pain or bleeding or both / Arthur C. Fleischer -- Second- and third-trimester bleeding / Barbara S. Hertzberg -- Premature labor / Geoffrey Wong and Deborah Levine -- Estimating fetal gestational age / Chaitali Shah and Ashok Bhanushali -- Uterine size greater than dates / Beryl Benacerraf -- Uterine size less than dates : a clinical dilemma / Alfred Abuhamad -- Ruling out fetal anomalies / Carol B. Benson -- Family history of congenital heart disease / Douglas L. Brown -- Pregnant women with high maternal serum-alpha-fetoprotein / Andrea L. Fick and Ruth B. Goldstein -- Maternal serum screening test positive for Down syndrome / Thomas D. Shipp -- Diabetes mellitus and pregnancy / Peter W. Callen -- Teratogen exposure / Mark A. Kliewer -- Postpartum complications / Donald N. Di Salvo.
650 0 _aGenerative organs, Female
_xUltrasonic imaging.
_910932
650 0 _aFetus
_xDiseases
_xDiagnosis.
_911368
650 0 _aUltrasonics in obstetrics.
_910931
650 2 _aGenital Diseases, Female
_xultrasonography.
_910945
650 2 _aFetal Diseases
_xultrasonography.
_910946
650 2 _aPregnancy Complications
_xultrasonography.
_910944
650 2 _aUltrasonography
_xmethods.
700 1 _aBenson, Carol B.
_911369
700 1 _aBluth, Edward I.
_911367
856 4 1 _3Table of contents only
_uhttp://www.loc.gov/catdir/toc/ecip0715/2007015102.html
942 _2ddc
_cBOOK
999 _c21501
_d256001